Statistiques concernant Personnages célèbres - Série 22

Cliquez ici pour prendre le quiz!

Statistiques générales

  • Ce quiz a été pris 128 fois
  • Le résultat moyen est 7 sur 15

Statistiques - réponses

Réponse% Correct
Julien Clerc
96%
Jean Marie Bigard
83%
François Bayrou
69%
Marilou Berry
64%
Edouard Balladur
59%
Halle Berry
58%
Raymond Barre
49%
Juliette Binoche
45%
Jacques Chaban Delmas
38%
Robert Badinter
38%
Pierre Beregovoy
36%
Jean Luc Bideau
18%
Eddie Constantine
18%
Johnny Clegg
16%
Raquel Welch
13%

Distribution des résultats

Percentile par nombre de réponses

% des personnes avec chaque résultat

Votre développement - résultats

Vous n’avez pas pris ce quiz